[Event "IECC Swiss-492.3"]
[Site "IECC email"]
[Date "2005.11.24"]
[Round "?"]
[White "Mann, Derek"]
[Black "Hasidume, Shuji"]
[Result "1/2-1/2"]
[WhiteElo "1829"]
[BlackElo "1716"]
[PlyCount "84"]
[EventDate "2005.??.??"]
[EventType "swiss (corr)"]
[EventRounds "1"]
[SourceTitle "Corr 2020"]
[Source "ChessBase"]
[SourceDate "2019.09.30"]
[SourceVersion "1"]
[SourceVersionDate "2019.09.30"]
[SourceQuality "1"]
[WhiteTeam "Canada"]
[BlackTeam "Japan"]
[WhiteTeamCountry "CAN"]
[BlackTeamCountry "JPN"]

1. e4 e6 2. d4 d5 3. Nd2 Nf6 4. e5 Nfd7 5. Bd3 c5 6. c3 Nc6 7. Ne2 cxd4 8. cxd4 f6 9. exf6 Nxf6 10. Nf3 Bd6 11. 0-0 0-0 12. Be3 e5 13. dxe5 Nxe5 14. Nxe5 Bxe5 15. Nd4 Ng4 16. h3 Nxe3 17. fxe3 Rxf1+ 18. Qxf1 Qf6 19. Qxf6 Bxf6 20. Bb5 a6 21. Be2 b5 22. Rc1 Be5 23. Nc6 Bf6 24. Bf3 Be6 25. Nd4 Bf7 26. Kf2 Re8 27. Rc6 Bg5 28. Nf5 Ra8 29. Nd6 Be6 30. Nxb5 axb5 31. Rxe6 Rxa2 32. Re8+ Kf7 33. Bxd5+ Kxe8 34. Bxa2 Bf6 35. Bd5 Kd7 36. b3 Kd6 37. Bg8 h5 38. Kf3 h4 39. Kf4 Be5+ 40. Kf5 Bg3 41. e4 Be5 42. Bh7 Bf6 1/2-1/2

[Event "IECC Swiss-497.2"]
[Site "IECC email"]
[Date "2005.10.21"]
[Round "?"]
[White "Chedid, Rafael Antonio"]
[Black "Mann, Derek"]
[Result "0-1"]
[WhiteElo "1210"]
[BlackElo "1823"]
[PlyCount "68"]
[EventDate "2005.??.??"]
[EventType "swiss (corr)"]
[EventRounds "1"]
[SourceTitle "Corr 2020"]
[Source "ChessBase"]
[SourceDate "2019.09.30"]
[SourceVersion "1"]
[SourceVersionDate "2019.09.30"]
[SourceQuality "1"]
[WhiteTeam "Brazil"]
[BlackTeam "Canada"]
[WhiteTeamCountry "BRA"]
[BlackTeamCountry "CAN"]

1. e4 c6 2. d4 d5 3. Nc3 dxe4 4. Nxe4 Bf5 5. Ng3 Bg6 6. Nf3 Nd7 7. h4 h6 8. h5 Bh7 9. Bd3 Bxd3 10. Qxd3 Qc7 11. Bd2 Ngf6 12. 0-0-0 e6 13. Ne4 0-0-0 14. g3 Nxe4 15. Qxe4 Bd6 16. c4 c5 17. d5 Rhe8 18. Qg4 exd5 19. cxd5 Qb6 20. Rhe1 Qa6 21. Re3 Rxe3 22. Bxe3 Qxa2 23. Qxg7 Be7 24. Kd2 Ne5 25. Nxe5 Qxd5+ 26. Kc3 Qxd1 27. Qg4+ Qxg4 28. Nxg4 Rd5 29. Bxh6 Rxh5 30. Bf4 Kd7 31. Kc4 Ke6 32. Be3 f5 33. Nh6 Rh2 34. Ng8 Bf8 0-1

[Event "IECC Swiss-480.4"]
[Site "IECC email"]
[Date "2005.10.04"]
[Round "?"]
[White "Krunski, Jan Maria"]
[Black "Mann, Derek"]
[Result "1-0"]
[WhiteElo "1730"]
[BlackElo "1854"]
[PlyCount "21"]
[EventDate "2005.??.??"]
[EventType "swiss (corr)"]
[EventRounds "1"]
[SourceTitle "Corr 2020"]
[Source "ChessBase"]
[SourceDate "2019.09.30"]
[SourceVersion "1"]
[SourceVersionDate "2019.09.30"]
[SourceQuality "1"]
[WhiteTeam "Poland"]
[BlackTeam "Canada"]
[WhiteTeamCountry "POL"]
[BlackTeamCountry "CAN"]

1. e4 e5 2. Nf3 Nc6 3. Bb5 Nf6 4. d3 Bc5 5. 0-0 d6 6. c3 0-0 7. Nbd2 a6 8. Bxc6 bxc6 9. d4 exd4 10. cxd4 Bd7 11. dxc5 1-0

[Event "IECC Swiss-500.1"]
[Site "IECC email"]
[Date "2005.08.05"]
[Round "?"]
[White "Chedid, Rafael Antonio"]
[Black "Mann, Derek"]
[Result "0-1"]
[WhiteElo "1212"]
[BlackElo "1859"]
[PlyCount "62"]
[EventDate "2005.??.??"]
[EventType "swiss (corr)"]
[EventRounds "1"]
[SourceTitle "Corr 2008"]
[Source "ChessBase"]
[SourceDate "2008.06.24"]
[SourceVersion "1"]
[SourceVersionDate "2008.06.24"]
[SourceQuality "1"]

1. e4 e5 2. Nf3 Nc6 3. Bc4 Nf6 4. Ng5 d5 5. exd5 Na5 6. Bb5+ Bd7 7. Qe2 Bd6 8. Bxd7+ Qxd7 9. Nc3 c6 10. dxc6 Nxc6 11. 0-0 Rc8 12. d3 Nd4 13. Qd1 0-0 14. Be3 Ba3 15. Bxd4 exd4 16. Nce4 Nxe4 17. dxe4 Bxb2 18. Rb1 Bc3 19. f4 f6 20. Nf3 Ba5 21. e5 Bb6 22. Kh1 Qa4 23. Rb2 Qa3 24. Qb1 Qc3 25. Ne1 fxe5 26. Rf3 Rxf4 27. Rxf4 exf4 28. Nd3 Re8 29. h3 Re3 30. Kh2 f3 31. Rb3 Qc7+ 0-1

[Event "IECC Swiss-482.2"]
[Site "IECC email"]
[Date "2004.09.24"]
[Round "?"]
[White "Mann, Derek"]
[Black "Poblete, Litos"]
[Result "0-1"]
[WhiteElo "1896"]
[BlackElo "1560"]
[PlyCount "138"]
[EventDate "2004.??.??"]
[EventType "swiss (corr)"]
[EventRounds "1"]
[SourceTitle "Corr 2020"]
[Source "ChessBase"]
[SourceDate "2019.09.30"]
[SourceVersion "1"]
[SourceVersionDate "2019.09.30"]
[SourceQuality "1"]
[WhiteTeam "Canada"]
[BlackTeam "Philippines"]
[WhiteTeamCountry "CAN"]
[BlackTeamCountry "PHI"]

1. d4 Nf6 2. Bf4 b6 3. e3 Bb7 4. Nd2 e6 5. Ngf3 Be7 6. h3 d6 7. Bd3 Nbd7 8. 0-0 0-0 9. Bh2 c5 10. c4 cxd4 11. exd4 d5 12. Re1 h6 13. a3 Rc8 14. b4 dxc4 15. Nxc4 Bd5 16. Qe2 a5 17. bxa5 bxa5 18. Reb1 Ne4 19. Rc1 Ndf6 20. Qb2 Nd6 21. Nfd2 Nxc4 22. Nxc4 Be4 23. Bxe4 Nxe4 24. Rc2 Nd6 25. Bxd6 Bxd6 26. Qb3 Bc7 27. Qd3 Qf6 28. Rd1 Rfd8 29. Ne5 Bxe5 30. dxe5 Rxd3 31. Rxc8+ Kh7 32. Rxd3 Qxe5 33. Rc1 g5 34. Rdc3 Qd6 35. a4 Kg6 36. Rc5 Qd2 37. g3 h5 38. R5c4 f5 39. Rc6 Kf6 40. R6c2 Qb4 41. Rc4 Qa3 42. R1c3 Qd6 43. Rc1 Qa3 44. R1c3 Qd6 45. Rc1 f4 46. gxf4 gxf4 47. Kh2 f3+ 48. Kg1 Qd2 49. h4 e5 50. Rc8 e4 51. Rb1 Kf5 52. Re8 Qd7 53. Rg8 Kf4 54. Re1 Qd4 55. Rg5 Qxa4 56. Rxh5 Qd4 57. Rg5 a4 58. Rg8 a3 59. Rc1 a2 60. Kh2 Qxf2+ 61. Kh3 Qb2 62. Rg4+ Ke3 63. Re1+ Kd2 64. Rgxe4 a1Q 65. Rxa1 Qxa1 66. Kg3 Qh1 67. Ra4 Qg2+ 68. Kf4 f2 69. Ra2+ Kc3 0-1

[Event "IECC Swiss-442.4"]
[Site "IECC email"]
[Date "2003.11.15"]
[Round "?"]
[White "Mann, Derek"]
[Black "Wozniak, Zbigniew"]
[Result "1/2-1/2"]
[WhiteElo "1889"]
[BlackElo "1876"]
[PlyCount "164"]
[EventDate "2003.??.??"]
[EventType "swiss (corr)"]
[EventRounds "1"]
[SourceTitle "Corr 2020"]
[Source "ChessBase"]
[SourceDate "2019.09.30"]
[SourceVersion "1"]
[SourceVersionDate "2019.09.30"]
[SourceQuality "1"]
[WhiteTeam "Canada"]
[BlackTeam "Poland"]
[WhiteTeamCountry "CAN"]
[BlackTeamCountry "POL"]

1. Nf3 Nf6 2. d4 e6 3. Bf4 c5 4. e3 Be7 5. dxc5 Bxc5 6. Nbd2 0-0 7. Bg3 Nc6 8. Bd3 d5 9. Rc1 b6 10. 0-0 Bb7 11. c4 Nb4 12. Bb1 dxc4 13. Nxc4 Qxd1 14. Rfxd1 Bxf3 15. gxf3 Rfd8 16. a3 Nc6 17. b4 Rxd1+ 18. Rxd1 Be7 19. b5 Nd8 20. a4 Nb7 21. Ne5 Nc5 22. Nc6 Bf8 23. Bc2 Nd5 24. Rd2 Nc3 25. Bb8 f6 26. Bxa7 N5xa4 27. Bb3 Nxb5 28. Bxe6+ Kh8 29. Bb8 g6 30. Rd8 Kg7 31. Rd7+ Kh8 32. Bc4 Na3 33. Bd5 Nc3 34. Be6 Na4 35. Rf7 Bg7 36. Rc7 Bf8 37. Rc8 Kg7 38. Na7 Nc3 39. Bd7 Bc5 40. Bc6 Rxb8 41. Rxb8 Nc4 42. Nb5 Nxb5 43. Bxb5 Nd6 44. Bc6 g5 45. Kf1 h5 46. Ke2 h4 47. Kd3 f5 48. Kc3 Kf6 49. Bd7 Ke7 50. Ba4 Kf6 51. Bb3 Ke5 52. Rh8 Kf6 53. Rh6+ Kg7 54. Re6 Kh7 55. Kd3 Kg7 56. Ba4 Kf7 57. Bd7 Kg7 58. e4 fxe4+ 59. fxe4 Nf7 60. f3 Bg1 61. h3 g4 62. fxg4 Ng5 63. Re7+ Kf6 64. Re8 Bc5 65. Rh8 Nxh3 66. Rxh4 Nf2+ 67. Kc4 Nxe4 68. Rh5 Ng3 69. Rh6+ Kg5 70. Re6 Nf1 71. Re5+ Kg6 72. Kd3 Ng3 73. g5 Kg7 74. Be8 Nh1 75. Kc4 Nf2 76. Bh5 Nh3 77. Rf5 Nf2 78. Rf7+ Kg8 79. g6 Ne4 80. Rh7 Nf6 81. Rc7 Nxh5 82. Rxc5 bxc5 1/2-1/2

[Event "IECC Swiss-462.2"]
[Site "IECC email"]
[Date "2003.09.17"]
[Round "?"]
[White "Mann, Derek"]
[Black "Rosenstein, David"]
[Result "1-0"]
[WhiteElo "1907"]
[BlackElo "1599"]
[PlyCount "103"]
[EventDate "2003.??.??"]
[EventType "swiss (corr)"]
[EventRounds "1"]
[SourceTitle "Corr 2020"]
[Source "ChessBase"]
[SourceDate "2019.09.30"]
[SourceVersion "1"]
[SourceVersionDate "2019.09.30"]
[SourceQuality "1"]
[WhiteTeam "Canada"]
[BlackTeam "Israel"]
[WhiteTeamCountry "CAN"]
[BlackTeamCountry "ISR"]

1. e4 e6 2. d4 d6 3. Nf3 h6 4. Nc3 a6 5. Bd3 Nd7 6. 0-0 b6 7. d5 e5 8. Re1 Be7 9. b4 Nf8 10. b5 a5 11. Bb2 g5 12. Nd2 Ng6 13. Ne2 Nf6 14. Ng3 Nf4 15. a4 h5 16. Ne2 h4 17. Nxf4 gxf4 18. Be2 h3 19. g3 Rg8 20. Ra3 Ng4 21. Rf1 Bh4 22. Kh1 Nxf2+ 23. Rxf2 fxg3 24. hxg3 Bxg3 25. Qg1 Qg5 26. Rf1 Bf4 27. Qxg5 Rxg5 28. Nf3 Rg8 29. Rg1 Rg4 30. Rc3 Kd8 31. Bf1 f5 32. exf5 Bxf5 33. Bxh3 Rxg1+ 34. Nxg1 Be4+ 35. Bg2 Bxg2+ 36. Kxg2 Kd7 37. Rh3 Rg8+ 38. Kf1 Rg7 39. Nf3 Rf7 40. Ke2 Re7 41. Rh4 Rf7 42. Rg4 Ke7 43. Rg6 Rf6 44. Rg7+ Rf7 45. Rxf7+ Kxf7 46. Kd3 Ke7 47. c4 Kf6 48. Ke4 Ke7 49. c5 bxc5 50. Bc3 Kd7 51. Bxa5 Kc8 52. Bd2 1-0

[Event "IECC Swiss email"]
[Site "IECC email"]
[Date "2003.05.25"]
[Round "?"]
[White "Mann, Derek"]
[Black "Bartsch, Andreas"]
[Result "0-1"]
[WhiteElo "1835"]
[BlackElo "2231"]
[PlyCount "46"]
[EventDate "2003.??.??"]
[EventType "tourn (corr)"]
[EventRounds "6"]
[SourceTitle "Corr 2008"]
[Source "ChessBase"]
[SourceDate "2008.06.24"]
[SourceVersion "1"]
[SourceVersionDate "2008.06.24"]
[SourceQuality "1"]

1. e4 c5 2. Nf3 Nc6 3. Nc3 g6 4. d4 cxd4 5. Nxd4 Bg7 6. Nxc6 bxc6 7. Bc4 Qa5 8. Bd2 Nf6 9. Nd5 Qc5 10. Nc7+ Kf8 11. Nxa8 Qxc4 12. Qe2 Qxe2+ 13. Kxe2 Nxe4 14. Bc1 Ke8 15. f3 Nd6 16. Bd2 Ba6+ 17. c4 Bxc4+ 18. Kf2 Bd4+ 19. Be3 Bxe3+ 20. Kxe3 Kd8 21. Rac1 Kc8 22. b3 Be6 23. Rhd1 Kb7 0-1

[Event "IECC Swiss email"]
[Site "IECC email"]
[Date "2003.05.21"]
[Round "?"]
[White "Wozniak, Zbigniew"]
[Black "Mann, Derek"]
[Result "1/2-1/2"]
[WhiteElo "1850"]
[BlackElo "1832"]
[PlyCount "143"]
[EventDate "2003.??.??"]
[EventType "tourn (corr)"]
[EventRounds "6"]
[SourceTitle "Corr 2008"]
[Source "ChessBase"]
[SourceDate "2008.06.24"]
[SourceVersion "1"]
[SourceVersionDate "2008.06.24"]
[SourceQuality "1"]

1. e4 e5 2. Nf3 Nc6 3. Bb5 Nf6 4. 0-0 Nxe4 5. d4 exd4 6. Re1 f5 7. Nxd4 Qh4 8. g3 Qf6 9. Bxc6 dxc6 10. f3 Bc5 11. c3 0-0 12. fxe4 fxe4 13. Be3 Bd6 14. Nd2 Qg6 15. Bf2 Re8 16. Re3 c5 17. Nb5 Kh8 18. Nxd6 cxd6 19. Nc4 Be6 20. Nd2 Bc8 21. Re1 Bh3 22. Qb3 Re7 23. Qd5 Rae8 24. Re3 b6 25. Rae1 Bf5 26. c4 Re5 27. Qc6 R5e6 28. R3e2 d5 29. Qxd5 Re5 30. Qb7 R5e7 31. Qa6 Bg4 32. Re3 Qf5 33. Rxe4 Rxe4 34. Nxe4 Rxe4 35. Qxa7 Rxe1+ 36. Bxe1 Bh3 37. Qb8+ Qc8 38. Qxc8+ Bxc8 39. Bc3 Be6 40. b3 Bf5 41. Be5 Bb1 42. a3 Ba2 43. Bc7 Bxb3 44. Bxb6 Bxc4 45. Bxc5 Bb5 46. Kf2 Kg8 47. Ke3 Kf7 48. Kf4 Ke6 49. Bd4 g6 50. Kg5 Kf7 51. Kh6 Kg8 52. h4 Bc6 53. Kg5 Kf7 54. Kf4 Ke6 55. Ke3 Kf5 56. Kd3 Kg4 57. Bf2 Kf3 58. Be1 h6 59. Kc4 g5 60. Kb4 Ke2 61. Bc3 Kf3 62. Be5 Kg4 63. hxg5 Kxg5 64. Bc3 Kg4 65. Be1 Kf3 66. a4 Ke2 67. Bc3 Bxa4 68. Kxa4 Kf2 69. Be5 Kf3 70. Kb4 h5 71. Kc4 Kg4 72. Kd4 1/2-1/2

[Event "IECC Swiss email"]
[Site "IECC email"]
[Date "2003.02.23"]
[Round "?"]
[White "Sahlberg, Mauri Olavi"]
[Black "Mann, Derek"]
[Result "0-1"]
[WhiteElo "1433"]
[BlackElo "1765"]
[PlyCount "58"]
[EventDate "2003.??.??"]
[EventType "tourn (corr)"]
[EventRounds "6"]
[SourceTitle "Corr 2008"]
[Source "ChessBase"]
[SourceDate "2008.06.24"]
[SourceVersion "1"]
[SourceVersionDate "2008.06.24"]
[SourceQuality "1"]

1. e4 e5 2. Nf3 Nc6 3. d4 exd4 4. Nxd4 Nf6 5. Nxc6 bxc6 6. e5 Qe7 7. Qe2 Nd5 8. c4 Ba6 9. b3 Qh4 10. a3 Bc5 11. Qf3 Nb6 12. Bd3 0-0 13. 0-0 f6 14. e6 dxe6 15. Re1 f5 16. Ra2 Bd6 17. g3 Qe7 18. Rae2 e5 19. c5 Bxd3 20. Qxd3 Bxc5 21. Rxe5 Qd7 22. Qc2 Bd6 23. R5e2 Rae8 24. Bb2 Rxe2 25. Rxe2 Re8 26. Rxe8+ Qxe8 27. Qxf5 Qe2 28. Bd4 Qd1+ 29. Kg2 Qxd4 0-1

[Event "IECC Swiss email"]
[Site "IECC email"]
[Date "2003.02.17"]
[Round "?"]
[White "Mann, Derek"]
[Black "Low, Winston"]
[Result "1-0"]
[WhiteElo "1764"]
[BlackElo "1183"]
[PlyCount "45"]
[EventDate "2003.??.??"]
[EventType "tourn (corr)"]
[EventRounds "6"]
[SourceTitle "Corr 2008"]
[Source "ChessBase"]
[SourceDate "2008.06.24"]
[SourceVersion "1"]
[SourceVersionDate "2008.06.24"]
[SourceQuality "1"]

1. e4 c6 2. d4 d5 3. Nc3 dxe4 4. Nxe4 Bf5 5. Ng3 Bg6 6. Nf3 Nd7 7. h4 h6 8. h5 Bh7 9. Bd3 Bxd3 10. Qxd3 Qc7 11. Rh4 e6 12. Bf4 Bd6 13. Bxd6 Qxd6 14. Ne4 Qb4+ 15. Nc3 Ngf6 16. d5 Qd6 17. dxe6 Qxe6+ 18. Kf1 0-0-0 19. Re1 Nc5 20. Rxe6 Nxd3 21. Rxf6 gxf6 22. cxd3 Rxd3 23. Rf4 1-0

[Event "IECG WC.2006.P.00013 email"]
[Site "IECG email"]
[Date "2003.01.22"]
[Round "?"]
[White "Mann, Derek"]
[Black "Just, Bent"]
[Result "0-1"]
[WhiteElo "1735"]
[BlackElo "1480"]
[PlyCount "33"]
[EventDate "2003.01.22"]
[EventType "tourn (corr)"]
[EventRounds "10"]
[SourceTitle "Corr 2024"]
[Source "ChessBase"]
[SourceDate "2023.10.19"]
[SourceVersion "1"]
[SourceVersionDate "2023.10.19"]
[SourceQuality "1"]

1. e4 e6 2. d4 d5 3. exd5 exd5 4. Nf3 Nf6 5. Bd3 c5 6. Bb5+ Nc6 7. 0-0 Bd6 8. Qe2+ Be6 9. dxc5 Bxc5 10. Be3 Bxe3 11. Qxe3 0-0 12. Nbd2 Re8 13. Rfe1 Qd6 14. Qd3 a6 15. Bxc6 bxc6 16. Ne4 c5 17. Nxd6 0-1

[Event "IECC Swiss email"]
[Site "IECC email"]
[Date "2003.01.21"]
[Round "?"]
[White "Mann, Derek"]
[Black "Agnew, George Hartwell"]
[Result "1-0"]
[WhiteElo "1835"]
[BlackElo "1193"]
[PlyCount "58"]
[EventDate "2003.??.??"]
[EventType "tourn (corr)"]
[EventRounds "6"]
[SourceTitle "Corr 2008"]
[Source "ChessBase"]
[SourceDate "2008.06.24"]
[SourceVersion "1"]
[SourceVersionDate "2008.06.24"]
[SourceQuality "1"]

1. e4 c5 2. Nf3 d6 3. Bb5+ Nd7 4. 0-0 e5 5. d3 a6 6. Bc4 Be7 7. Ng5 Bxg5 8. Qh5 g6 9. Qxg5 Qxg5 10. Bxg5 f6 11. Be3 Ne7 12. a4 Nb6 13. Bb3 a5 14. Bh6 d5 15. Bg7 Rf8 16. Bxf8 Kxf8 17. Nc3 d4 18. Nb5 Bd7 19. f4 exf4 20. Rxf4 Kg7 21. Nd6 Bc6 22. Raf1 Rf8 23. R4f2 Nec8 24. Nxc8 Nxc8 25. g4 Nb6 26. g5 Nd7 27. Be6 Bxa4 28. gxf6+ Nxf6 29. e5 Nd7 1-0

[Event "IECC Swiss email"]
[Site "IECC email"]
[Date "2003.01.04"]
[Round "?"]
[White "Bladyko, Pawel"]
[Black "Mann, Derek"]
[Result "0-1"]
[WhiteElo "1548"]
[BlackElo "1776"]
[PlyCount "76"]
[EventDate "2003.??.??"]
[EventType "tourn (corr)"]
[EventRounds "6"]
[SourceTitle "Corr 2008"]
[Source "ChessBase"]
[SourceDate "2008.06.24"]
[SourceVersion "1"]
[SourceVersionDate "2008.06.24"]
[SourceQuality "1"]

1. e4 e5 2. Nf3 Nc6 3. Bb5 Nf6 4. d3 Bc5 5. 0-0 d6 6. Nc3 0-0 7. Na4 Nd4 8. Nxc5 dxc5 9. Nxd4 cxd4 10. f4 Qd6 11. Bc4 Be6 12. fxe5 Qxe5 13. Bf4 Qc5 14. b4 Qb6 15. Bxe6 fxe6 16. Bg5 Nd7 17. Qg4 Rae8 18. Rxf8+ Nxf8 19. Rf1 Ng6 20. a3 c5 21. Bd2 cxb4 22. Bxb4 Qc7 23. h4 a5 24. h5 axb4 25. hxg6 bxa3 26. gxh7+ Kh8 27. Qh5 Ra8 28. Qb5 a2 29. Qb2 Qg3 30. Qxd4 e5 31. Qa1 Qe3+ 32. Kh2 Ra6 33. Rf8+ Kxh7 34. Rf3 Rh6+ 35. Rh3 Rxh3+ 36. gxh3 Qf2+ 37. Kh1 Qxc2 38. Qxe5 Qd1+ 0-1

[Event "IECC Swiss email"]
[Site "IECC email"]
[Date "2002.12.05"]
[Round "?"]
[White "Fuhrmann, Andreas"]
[Black "Mann, Derek"]
[Result "0-1"]
[WhiteElo "1760"]
[BlackElo "1766"]
[PlyCount "88"]
[EventDate "2002.??.??"]
[EventType "tourn (corr)"]
[EventRounds "6"]
[SourceTitle "Corr 2008"]
[Source "ChessBase"]
[SourceDate "2008.06.24"]
[SourceVersion "1"]
[SourceVersionDate "2008.06.24"]
[SourceQuality "1"]

1. Nf3 d5 2. g3 Nf6 3. Bg2 c5 4. 0-0 Nc6 5. d3 e5 6. Nbd2 Be7 7. e4 dxe4 8. dxe4 0-0 9. c3 Qc7 10. Qe2 Be6 11. Nc4 b5 12. Ne3 Nxe4 13. Qxb5 f5 14. Ne1 Rab8 15. Qa4 Nd4 16. cxd4 cxd4 17. Qc2 Qxc2 18. N3xc2 Bc4 19. f3 Bxf1 20. Bxf1 Nc5 21. f4 Rfd8 22. b4 d3 23. bxc5 dxc2 24. Be3 exf4 25. gxf4 Rb2 26. Rc1 Rb1 27. Nxc2 Rxc1 28. Bxc1 Bxc5+ 29. Be3 Bxe3+ 30. Nxe3 g6 31. Bc4+ Kf8 32. Kg2 Rd4 33. Kg3 g5 34. Nxf5 gxf4+ 35. Kf3 Rxc4 36. Nd6 Ra4 37. h4 Ke7 38. Nf5+ Kf6 39. Nd6 Ke6 40. Ne4 Ke5 41. Ng5 Ra3+ 42. Kg4 Rg3+ 43. Kh5 Rxg5+ 44. Kxg5 f3 0-1

[Event "IECC Swiss email"]
[Site "IECC email"]
[Date "2002.11.17"]
[Round "?"]
[White "Mann, Derek"]
[Black "Bladyko, Pawel"]
[Result "1-0"]
[WhiteElo "1794"]
[BlackElo "1528"]
[PlyCount "89"]
[EventDate "2002.??.??"]
[EventType "tourn (corr)"]
[EventRounds "6"]
[SourceTitle "Corr 2008"]
[Source "ChessBase"]
[SourceDate "2008.06.24"]
[SourceVersion "1"]
[SourceVersionDate "2008.06.24"]
[SourceQuality "1"]

1. e4 e5 2. Nf3 Nc6 3. d4 exd4 4. Nxd4 Qh4 5. Nc3 Bb4 6. Ndb5 Qxe4+ 7. Be3 Bxc3+ 8. Nxc3 Qb4 9. a3 Qe7 10. Nd5 Qd8 11. Bd3 Nge7 12. Bg5 h6 13. Qh5 d6 14. 0-0-0 Be6 15. Rhe1 Bxd5 16. Bxe7 Nxe7 17. Qxd5 c6 18. Qe4 Kf8 19. Rd2 Nd5 20. c4 Nf6 21. Qd4 b6 22. Rde2 d5 23. Re7 Qxe7 24. Rxe7 Kxe7 25. Qe5+ Kf8 26. Qd6+ Kg8 27. Qxc6 Rf8 28. Qc7 dxc4 29. Bxc4 h5 30. Qxa7 Rc8 31. Qxf7+ Kh7 32. Kb1 Rhd8 33. Qe6 Rb8 34. Be2 Kh8 35. Bf3 Re8 36. Qf7 Rf8 37. Qg6 Kg8 38. h3 Rbe8 39. Bxh5 Re1+ 40. Ka2 Nxh5 41. Qxh5 Rf6 42. Qd5+ Kh7 43. g4 Rfe6 44. f4 R1e3 45. f5 1-0

[Event "IECG CP.2002.P.00050 email"]
[Site "IECG email"]
[Date "2002.10.01"]
[Round "?"]
[White "Mann, Derek"]
[Black "Mauro, Lucio"]
[Result "0-1"]
[WhiteElo "1728"]
[BlackElo "2334"]
[PlyCount "78"]
[EventDate "2002.10.01"]
[EventType "tourn (corr)"]
[EventRounds "6"]
[EventCountry "ITA"]
[SourceTitle "Corr 2008"]
[Source "ChessBase"]
[SourceDate "2008.06.24"]
[SourceVersion "1"]
[SourceVersionDate "2008.06.24"]
[SourceQuality "1"]

1. e4 c5 2. Nf3 d6 3. Bb5+ Nd7 4. 0-0 Ngf6 5. Nc3 a6 6. Be2 b5 7. d4 Bb7 8. dxc5 Nxc5 9. a4 b4 10. Nd5 Ncxe4 11. Nxf6+ Nxf6 12. Bd2 Nd5 13. c3 bxc3 14. bxc3 Qc7 15. Qb3 Nf6 16. Rfb1 Bc6 17. Be3 e6 18. Nd4 Bd5 19. Qb6 Qc8 20. c4 Nd7 21. Qb2 Be4 22. Rd1 Rb8 23. Qd2 Nc5 24. Qa2 Be7 25. Bf3 Qb7 26. Bxe4 Qxe4 27. Nf3 0-0 28. Bxc5 dxc5 29. Re1 Qf4 30. Ne5 Bf6 31. g3 Qf5 32. Qe2 Bxe5 33. Qxe5 Qxe5 34. Rxe5 Rfc8 35. Rd1 Rc6 36. Re3 h5 37. Rf3 f6 38. a5 Rb4 39. Rfd3 Rxc4 0-1

[Event "IECG CP.2002.P.00050 email"]
[Site "IECG email"]
[Date "2002.10.01"]
[Round "?"]
[White "Starace, Umberto"]
[Black "Mann, Derek"]
[Result "1/2-1/2"]
[WhiteElo "1928"]
[BlackElo "1728"]
[PlyCount "51"]
[EventDate "2002.10.01"]
[EventType "tourn (corr)"]
[EventRounds "6"]
[EventCountry "ITA"]
[SourceTitle "Corr 2008"]
[Source "ChessBase"]
[SourceDate "2008.06.24"]
[SourceVersion "1"]
[SourceVersionDate "2008.06.24"]
[SourceQuality "1"]

1. e4 e6 2. d4 d5 3. Nc3 Bb4 4. exd5 exd5 5. Bd3 Nc6 6. Nge2 Nf6 7. 0-0 0-0 8. Bg5 Be7 9. Re1 h6 10. Bf4 a6 11. a3 Be6 12. Nb1 Bd6 13. c3 Re8 14. Nd2 Bg4 15. Bxd6 Qxd6 16. h3 Bxe2 17. Rxe2 Rxe2 18. Qxe2 Re8 19. Qf3 Nb8 20. Nf1 c5 21. Ne3 c4 22. Bc2 Nbd7 23. Re1 g6 24. Re2 Kg7 25. a4 a5 26. Ng4 1/2-1/2

[Event "IECC Swiss email"]
[Site "IECC email"]
[Date "2002.07.04"]
[Round "?"]
[White "Mann, Derek"]
[Black "Berkley, Stephen W"]
[Result "1-0"]
[WhiteElo "1771"]
[BlackElo "1563"]
[PlyCount "55"]
[EventDate "2002.??.??"]
[EventType "tourn (corr)"]
[EventRounds "6"]
[SourceTitle "Corr 2008"]
[Source "ChessBase"]
[SourceDate "2008.06.24"]
[SourceVersion "1"]
[SourceVersionDate "2008.06.24"]
[SourceQuality "1"]

1. e4 d6 2. Nf3 Nc6 3. d4 Nf6 4. Nc3 Bg4 5. Bb5 a6 6. Bxc6+ bxc6 7. 0-0 e6 8. h3 Bh5 9. Qd3 Bxf3 10. Qxf3 d5 11. Be3 Rb8 12. Rab1 dxe4 13. Nxe4 Nxe4 14. Qxe4 Qd5 15. Qf4 Bd6 16. Qg4 g6 17. b3 0-0 18. c4 Qa5 19. c5 Be7 20. a4 Qb4 21. Qf4 Rfc8 22. Rfc1 Qa3 23. Qf3 Rxb3 24. Rxb3 Qxb3 25. Qxc6 Qd5 26. Qxa6 Ra8 27. Qc4 Qe4 28. Re1 1-0

[Event "IECC Swiss email"]
[Site "IECC email"]
[Date "2002.05.26"]
[Round "?"]
[White "Morrison, Bill"]
[Black "Mann, Derek"]
[Result "0-1"]
[WhiteElo "1084"]
[BlackElo "1814"]
[PlyCount "44"]
[EventDate "2002.??.??"]
[EventType "tourn (corr)"]
[EventRounds "6"]
[SourceTitle "Corr 2008"]
[Source "ChessBase"]
[SourceDate "2008.06.24"]
[SourceVersion "1"]
[SourceVersionDate "2008.06.24"]
[SourceQuality "1"]

1. e4 e6 2. Nf3 d5 3. e5 c5 4. d4 cxd4 5. Bd3 Nc6 6. a3 f6 7. c3 fxe5 8. Nbd2 dxc3 9. bxc3 e4 10. Qe2 exd3 11. Qe3 e5 12. Nxe5 Nxe5 13. f4 Qc7 14. 0-0 Bc5 15. Qxc5 Qxc5+ 16. Rf2 Ng4 17. Bb2 Qxf2+ 18. Kh1 Qxd2 19. h3 Bf5 20. hxg4 Be4 21. Rg1 Qf2 22. Kh2 Qh4# 0-1

[Event "IECC Swiss email"]
[Site "IECC email"]
[Date "2002.04.18"]
[Round "?"]
[White "Thompson, Melanie"]
[Black "Mann, Derek"]
[Result "0-1"]
[WhiteElo "1400"]
[BlackElo "1815"]
[PlyCount "66"]
[EventDate "2002.??.??"]
[EventType "tourn (corr)"]
[EventRounds "6"]
[SourceTitle "Corr 2008"]
[Source "ChessBase"]
[SourceDate "2008.06.24"]
[SourceVersion "1"]
[SourceVersionDate "2008.06.24"]
[SourceQuality "1"]

1. e4 c6 2. d4 d5 3. exd5 cxd5 4. g3 Nf6 5. Bg2 Bf5 6. Ne2 Nc6 7. 0-0 e6 8. Nbc3 Bd6 9. a3 0-0 10. Nb5 Be7 11. Be3 Qb6 12. Nbc3 Qxb2 13. Ra2 Qb6 14. Na4 Qa6 15. Nc5 Bxc5 16. dxc5 e5 17. Bg5 Ne4 18. Re1 Nxg5 19. Bxd5 Rfd8 20. Nc3 Be6 21. Ra1 Bxd5 22. Nxd5 Nd4 23. Ne7+ Kf8 24. Rxe5 Ndf3+ 25. Kg2 Rxd1 26. Rxd1 Nxe5 27. Nf5 Qc6+ 28. Kg1 Nh3+ 29. Kf1 Qh1+ 30. Ke2 Qf3+ 31. Kd2 Nc4+ 32. Kc1 Qxa3+ 33. Kb1 Qb2# 0-1